000 00403 a2200121 4500
001 ART_63578
005 20260410161813.0
008 260409a
245 1 0 _aEl caso vicentin: análisis el proceso de salvataje y el uso de la tecnología
100 1 _aDasso, Ariel A.
700 1 _aDasso, Ariel G.
773 0 _tDoctrina Societaria y Concursal
_g- Nº 445 (oct./nov. 2025)
_wREV4298
999 _c21680
_d21680